LEADER 02989nam 2200661 a 450 001 9910456155803321 005 20200520144314.0 010 $a1-4237-5163-9 010 $a0-87586-169-5 010 $a1-280-65566-6 010 $a1-280-65581-X 010 $a9786610655663 010 $a0-87586-197-0 035 $a(CKB)111056486858600 035 $a(EBL)318648 035 $a(OCoLC)50676582 035 $a(SSID)ssj0000211543 035 $a(PQKBManifestationID)12029533 035 $a(PQKBTitleCode)TC0000211543 035 $a(PQKBWorkID)10310987 035 $a(PQKB)11666320 035 $a(MiAaPQ)EBC318648 035 $a(Au-PeEL)EBL318648 035 $a(CaPaEBR)ebr10476654 035 $a(OCoLC)935264737 035 $a(EXLCZ)99111056486858600 100 $a20020709d2005 uy 0 101 0 $aeng 135 $aur|n|---||||| 181 $ctxt 182 $cc 183 $acr 200 10$aNo greater threat$b[electronic resource] $eAmerica after September 11 and the rise of a national security state /$fby C. William Michaels 205 $a2nd ed., completely updated. 210 $aNew York $cAlgora Pub.$dc2005 215 $a1 online resource (536 p.) 300 $a"Includes review and analysis of: Homeland Security Act, "Patriot Act II," Intelligence Reform and Terrorism Prevention Act, Supreme Court decisions, "National Strategy" documents, 9-11 Commission recommendations, and various ongoing developments nationally and internationally in the "war on terrorism." 311 $a0-87586-154-7 311 $a0-87586-155-5 320 $aIncludes bibliographical references and index. 327 $apt. 1. A new reality, a picture coming into view -- pt. 2. The USA Patriot Act : titles I through III -- pt. 3. The USA Patriot Act : titles IV through VI -- pt. 4. The USA Patriot Act : titles VII through X -- pt. 5. The first six elements of a national security state -- pt. 6. The next six elements of a national security state -- pt. 7. The national security state scorecard, a possible future, overall cultural themes -- pt. 8. Closing observations and the need for watchfulness. 330 $aA pertinent analysis of the ""USA Patriot Act,"" based on meticulous legal research and straight talk, points to America's ominous evolution into a national security state. "In this very important study, C. W. Michaels gives us a unique guide and commentar 606 $aNational security$xLaw and legislation$zUnited States 606 $aTerrorism$zUnited States$xPrevention 606 $aCivil rights$zUnited States 608 $aElectronic books. 615 0$aNational security$xLaw and legislation 615 0$aTerrorism$xPrevention. 615 0$aCivil rights 676 $a363.3/2/0973 700 $aMichaels$b C. William$0874966 801 0$bMiAaPQ 801 1$bMiAaPQ 801 2$bMiAaPQ 906 $aBOOK 912 $a9910456155803321 996 $aNo greater threat$91953318 997 $aUNINA LEADER 00868nam0 22002411i 450 001 UON00115426 005 20231205102654.566 100 $a20020107d1965 |0itac50 ba 101 $aper 102 $aIR 105 $a|||| 1|||| 200 1 $aNasim$fMohammad Hejazi 210 $aTehran$c[s.n.]$d1965 215 $a170 p.$d17 cm 620 $aIR$dTihra?n$3UONL005570 686 $aIRA VI AEZ$cIRAN - LETTERATURA - PERSIANO - TESTI LETTERARI - PERIODO MODERNO E CONTEMPORA$2A 700 1$aHEJAZI$bMohammad$3UONV014866$0642117 801 $aIT$bSOL$c20240220$gRICA 899 $aSIBA - SISTEMA BIBLIOTECARIO DI ATENEO$2UONSI 912 $aUON00115426 950 $aSIBA - SISTEMA BIBLIOTECARIO DI ATENEO$dSI IRA VI AEZ 206 $eSI IR 275 7 206 996 $aNasim$91309110 997 $aUNIOR